<?xml version="1.0" encoding="UTF-8"?>
<record
    xmlns:xsi="http://www.w3.org/2001/XMLSchema-instance"
    xsi:schemaLocation="http://www.loc.gov/MARC21/slim http://www.loc.gov/standards/marcxml/schema/MARC21slim.xsd"
    xmlns="http://www.loc.gov/MARC21/slim">

  <leader>00813nam a22001577a 4500</leader>
  <controlfield tag="003">OSt</controlfield>
  <controlfield tag="005">20151111152316.0</controlfield>
  <controlfield tag="008">151111b        xxu||||| |||| 00| 0 eng d</controlfield>
  <datafield tag="040" ind1=" " ind2=" ">
    <subfield code="c">RUA</subfield>
  </datafield>
  <datafield tag="082" ind1=" " ind2=" ">
    <subfield code="a">FOR SAK 2006 B132 Or.1</subfield>
  </datafield>
  <datafield tag="100" ind1=" " ind2=" ">
    <subfield code="9">3564</subfield>
    <subfield code="a">SAK, OUSAPHEA.</subfield>
  </datafield>
  <datafield tag="245" ind1=" " ind2=" ">
    <subfield code="a">Study on behavior berwwen yellow cheeked and pileated gibbon in cage in phom tamao wildlife rescue center, &#x179F;&#x17B7;&#x1780;&#x17D2;&#x179F;&#x17B6;&#x1785;&#x17B7;&#x179A;&#x17B7;&#x1780;&#x179B;&#x1780;&#x17D2;&#x1781;&#x178E;&#x17C8;&#x179A;&#x17B6;&#x1784;&#x1791;&#x17C4;&#x1785;&#x1790;&#x17D2;&#x1796;&#x17C4;&#x179B;&#x17CB;&#x179B;&#x17BF;&#x1784; &#x1793;&#x17B7;&#x1784; &#x1791;&#x17C4;&#x1785;&#x1798;&#x17D2;&#x1780;&#x17BB;&#x178A;&#x1780;&#x17D2;&#x1793;&#x17BB;&#x1784;&#x1791;&#x17D2;&#x179A;&#x17BB;&#x1784;&#x1793;&#x17C5;&#x1780;&#x17D2;&#x1793;&#x17BB;&#x1784;&#x17A7;&#x1791;&#x17D2;&#x1799;&#x17B6;&#x179F;&#x17BD;&#x1793;&#x179F;&#x178F;&#x17D2;&#x179C; &#x1793;&#x17B7;&#x1784;&#x1798;&#x1787;&#x17D2;&#x1788;&#x1798;&#x178E;&#x17D2;&#x178C;&#x179B;&#x179F;&#x1784;&#x17D2;&#x179A;&#x17D2;&#x1782;&#x17C4;&#x17C7;&#x179F;&#x178F;&#x17D2;&#x179C;&#x179F;&#x178F;&#x17D2;&#x179C;&#x1796;&#x17D2;&#x179A;&#x17C3;&#x1797;&#x17D2;&#x1793;&#x17C6;&#x178F;&#x17B6;&#x1798;&#x17C9;&#x17C5;</subfield>
  </datafield>
  <datafield tag="260" ind1=" " ind2=" ">
    <subfield code="a">Phom Penh</subfield>
    <subfield code="b">RUA</subfield>
    <subfield code="c">2006</subfield>
  </datafield>
  <datafield tag="300" ind1=" " ind2=" ">
    <subfield code="a">xi; 51p.</subfield>
    <subfield code="b">ill.</subfield>
    <subfield code="c">29cm.</subfield>
  </datafield>
  <datafield tag="942" ind1=" " ind2=" ">
    <subfield code="2">ddc</subfield>
    <subfield code="c">FOR</subfield>
  </datafield>
  <datafield tag="999" ind1=" " ind2=" ">
    <subfield code="c">3319</subfield>
    <subfield code="d">3319</subfield>
  </datafield>
  <datafield tag="952" ind1=" " ind2=" ">
    <subfield code="0">0</subfield>
    <subfield code="1">0</subfield>
    <subfield code="2">ddc</subfield>
    <subfield code="4">0</subfield>
    <subfield code="6">FOR_SAK_2006_000000000000000_B132_OR_1</subfield>
    <subfield code="7">0</subfield>
    <subfield code="9">15564</subfield>
    <subfield code="a">LBB</subfield>
    <subfield code="b">LBB</subfield>
    <subfield code="c">B132</subfield>
    <subfield code="d">2015-11-11</subfield>
    <subfield code="o">FOR SAK 2006 B132 Or.1</subfield>
    <subfield code="p">RUA028678</subfield>
    <subfield code="r">2015-11-11</subfield>
    <subfield code="w">2015-11-11</subfield>
    <subfield code="y">FOR</subfield>
  </datafield>
  <datafield tag="952" ind1=" " ind2=" ">
    <subfield code="0">0</subfield>
    <subfield code="1">0</subfield>
    <subfield code="2">ddc</subfield>
    <subfield code="4">0</subfield>
    <subfield code="6">FOR_SAK_2006_000000000000000_B132_OR_2</subfield>
    <subfield code="7">0</subfield>
    <subfield code="9">15565</subfield>
    <subfield code="a">LBB</subfield>
    <subfield code="b">LBB</subfield>
    <subfield code="c">B132</subfield>
    <subfield code="d">2015-11-11</subfield>
    <subfield code="o">FOR SAK 2006 B132 Or.2</subfield>
    <subfield code="p">RUA028966</subfield>
    <subfield code="r">2015-11-11</subfield>
    <subfield code="w">2015-11-11</subfield>
    <subfield code="y">FOR</subfield>
  </datafield>
  <datafield tag="952" ind1=" " ind2=" ">
    <subfield code="0">0</subfield>
    <subfield code="1">0</subfield>
    <subfield code="2">ddc</subfield>
    <subfield code="4">0</subfield>
    <subfield code="6">FOR_SAK_2006_000000000000000_B132_OR_3</subfield>
    <subfield code="7">0</subfield>
    <subfield code="9">15566</subfield>
    <subfield code="a">LBB</subfield>
    <subfield code="b">LBB</subfield>
    <subfield code="c">B132</subfield>
    <subfield code="d">2015-11-11</subfield>
    <subfield code="o">FOR SAK 2006 B132 Or.3</subfield>
    <subfield code="p">RUA028972</subfield>
    <subfield code="r">2015-11-11</subfield>
    <subfield code="w">2015-11-11</subfield>
    <subfield code="y">FOR</subfield>
  </datafield>
  <datafield tag="952" ind1=" " ind2=" ">
    <subfield code="0">0</subfield>
    <subfield code="1">0</subfield>
    <subfield code="2">ddc</subfield>
    <subfield code="4">0</subfield>
    <subfield code="6">FOR_SAK_2006_000000000000000_B132_OR_4</subfield>
    <subfield code="7">0</subfield>
    <subfield code="9">15567</subfield>
    <subfield code="a">LBB</subfield>
    <subfield code="b">LBB</subfield>
    <subfield code="c">B132</subfield>
    <subfield code="d">2015-11-11</subfield>
    <subfield code="o">FOR SAK 2006 B132 Or.4</subfield>
    <subfield code="p">RUA028533</subfield>
    <subfield code="r">2015-11-11</subfield>
    <subfield code="w">2015-11-11</subfield>
    <subfield code="y">FOR</subfield>
  </datafield>
  <datafield tag="952" ind1=" " ind2=" ">
    <subfield code="0">0</subfield>
    <subfield code="1">0</subfield>
    <subfield code="2">ddc</subfield>
    <subfield code="4">0</subfield>
    <subfield code="6">FOR_SAK_2006_000000000000000_B132_OR_5</subfield>
    <subfield code="7">0</subfield>
    <subfield code="9">15568</subfield>
    <subfield code="a">LBB</subfield>
    <subfield code="b">LBB</subfield>
    <subfield code="c">B132</subfield>
    <subfield code="d">2015-11-11</subfield>
    <subfield code="o">FOR SAK 2006 B132 Or.5</subfield>
    <subfield code="p">RUA028605</subfield>
    <subfield code="r">2015-11-11</subfield>
    <subfield code="w">2015-11-11</subfield>
    <subfield code="y">FOR</subfield>
  </datafield>
  <datafield tag="952" ind1=" " ind2=" ">
    <subfield code="0">0</subfield>
    <subfield code="1">0</subfield>
    <subfield code="2">ddc</subfield>
    <subfield code="4">0</subfield>
    <subfield code="6">FOR_SAK_2006_000000000000000_B132_OR_6</subfield>
    <subfield code="7">0</subfield>
    <subfield code="9">15569</subfield>
    <subfield code="a">LBB</subfield>
    <subfield code="b">LBB</subfield>
    <subfield code="c">B132</subfield>
    <subfield code="d">2015-11-11</subfield>
    <subfield code="o">FOR SAK 2006 B132 Or.6</subfield>
    <subfield code="p">RUA028747</subfield>
    <subfield code="r">2015-11-11</subfield>
    <subfield code="w">2015-11-11</subfield>
    <subfield code="y">FOR</subfield>
  </datafield>
</record>
